Statistics for Bayern Munich scorers in Bundesliga 2015-2016

Click here to take the quiz!

General Stats

  • This quiz has been taken 172 times
    (145 since last reset)
  • The average score is 11 of 14

Answer Stats

Player Goals % Correct
Robert Lewandowski30
100%
Arjen Robben4
97%
Thomas Müller20
97%
Franck Ribéry2
93%
Philipp Lahm1
87%
Thiago Alcantara2
85%
David Alaba2
83%
Kingsley Coman4
82%
Douglas Costa4
78%
Javi Martinez1
78%
Arturo Vidal4
75%
Mario Götze3
69%
Mehdi Benatia1
54%
Sebastian Rode1
42%

Score Distribution

Percentile by Number Answered

Percent of People with Each Score

Your Score History

You have not taken this quiz since the last reset